[Event "Chess Great Tournament KO for ALL!"]
[Site "SchemingMind.com"]
[Date "2009.10.27"]
[Round "-"]
[White "Carl Lenox"]
[Black "lemmie"]
[Result "0-1"]
[WhiteCountry "CAN"]
[BlackCountry "NED"]
[WhiteElo "1276"]
[WhiteRD "66"]
[BlackElo "1621"]
[BlackRD "53"]
[GameID "224469"]

1. e4 e5 2. Nf3 Nc6 3. Bb5 a6 4. Ba4 b5 5. Bb3 Nf6 6. O-O Bb7 7. Re1 Bc5 8. Ng5 O-O 9. d3 Nd4 10. Be3 d6
11. c3 Nxb3 12. Qxb3 Bxe3 13. Rxe3 Ng4 14. Rg3 Qxg5 15. Qd1 Bc8 16. Nd2 Qh5 17. h3 Nf6 18. Nf3 Qh6 19. Ng5 Nh5
0-1

[Event "Chess Great Tournament KO for ALL!"]
[Site "SchemingMind.com"]
[Date "2009.10.27"]
[Round "-"]
[White "lemmie"]
[Black "Carl Lenox"]
[Result "1-0"]
[WhiteCountry "NED"]
[BlackCountry "CAN"]
[WhiteElo "1589"]
[WhiteRD "50"]
[BlackElo "1372"]
[BlackRD "64"]
[GameID "224478"]

1. e4 c5 2. Nf3 d6 3. Bc4 Nf6 4. Nc3 Nc6 5. d4 a6 6. dxc5 dxc5 7. Be3 b5 8. Bd5 Bb7 9. a3 c4 10. O-O e6
11. Bxc6+ Bxc6 12. e5 Nh5 13. Nd4 Bd7 14. Qxh5 g6 15. Qf3 Bg7 16. Rfd1 O-O 17. Nde2 Qc7 18. h3 Rad8 19. Bg5 f6 20. exf6 Rf7
21. Bf4 e5 22. Bg5 Re8 23. Qe4 Bf5 24. Qd5 Bxc2 25. Rd2 Rd8 26. Qxd8+ Bf8 27. Bh6 Bd3 28. Qxc7 Rxc7 29. Bxf8 Kxf8 30. Re1 a5
31. Nxb5 Rf7 32. Nec3 Rxf6 33. Rxe5 Kg7 34. Nc7 Kf7 35. Rd1 h6 36. N7d5
1-0

[Event "Chess Great Tournament KO for ALL!"]
[Site "SchemingMind.com"]
[Date "2009.11.02"]
[Round "-"]
[White "Gammon"]
[Black "Clive Everill"]
[Result "0-1"]
[WhiteCountry "USA"]
[BlackCountry "CZE"]
[WhiteElo "1416"]
[WhiteRD "47"]
[BlackElo "1669"]
[BlackRD "49"]
[GameID "225060"]

1. c4 Nf6 2. Nc3 g6 3. g3 c5 4. Bg2 Bg7 5. e3 d6 6. Nge2 Nbd7 7. d4 O-O 8. d5 Ne5 9. Ne4 Nxe4 10. Bxe4 Nxc4
11. b3 Bxa1 12. Qc2 Nb6 13. Bb2 Bxb2 14. Qxb2 f5 15. Bf3 c4 16. Nc1 e5 17. Be2 cxb3 18. axb3 Nxd5 19. O-O Be6 20. b4 a5
21. bxa5 Rxa5 22. Qxb7 Nc3 23. Bd1 Nxd1 24. Rxd1 d5 25. Nb3 Ra2 26. Nc5 Bf7 27. Nd7 Re8 28. Rc1 Qe7 29. Rc7 Ra1+ 30. Kg2 Qe6
31. Nc5 Qf6 32. Nd7 Qg7 33. Nxe5 Rxe5 34. Rc8+ Re8 35. h4 Rxc8
0-1

[Event "Chess Great Tournament KO for ALL!"]
[Site "SchemingMind.com"]
[Date "2009.11.02"]
[Round "-"]
[White "Clive Everill"]
[Black "Gammon"]
[Result "1-0"]
[WhiteCountry "CZE"]
[BlackCountry "USA"]
[WhiteElo "1669"]
[WhiteRD "49"]
[BlackElo "1416"]
[BlackRD "47"]
[GameID "225068"]

1. e4 e5 2. Nc3 Nf6 3. f4 d5 4. fxe5 Nxe4 5. Qf3 Nxc3 6. bxc3 Be6 7. d4 Nd7 8. Bd3 Be7 9. Ne2 Bh4+ 10. g3 Bg5
11. Ba3 Be7 12. Bb2 f6 13. exf6 Bxf6 14. O-O O-O 15. Qh5 g6 16. Bxg6 hxg6 17. Qxg6+ Bg7 18. Qxe6+ Kh7 19. Qxd5 Nf6 20. Qc4 Ng4
21. Qd3+ Kg8 22. Nf4 b6 23. Ne6 Rxf1+ 24. Rxf1 Qe7 25. Nxg7 Qxg7 26. Qc4+ Kh8 27. Bc1 Rf8 28. Rxf8+ Qxf8 29. Bf4 Nf6 30. Qxc7 Qa3
31. Qd8+ Kg7 32. Be5 Kg6 33. Qxf6+
1-0

[Event "Chess Great Tournament KO for ALL!"]
[Site "SchemingMind.com"]
[Date "2009.11.06"]
[Round "-"]
[White "chesshub"]
[Black "agentofchaos"]
[Result "1-0"]
[WhiteCountry "FRA"]
[BlackCountry "AUS"]
[WhiteElo "2444"]
[WhiteRD "68"]
[BlackElo "1438"]
[BlackRD "76"]
[GameID "225593"]

1. d4 Nf6 2. c4 g6 3. Nc3 Bg7 4. e4 d6 5. Nf3 O-O 6. Be2 Re8 7. O-O c5 8. h3 cxd4 9. Nxd4 a6 10. Be3 e5
11. Nf3 Nc6 12. Qd3 Nb4 13. Qd2 Be6 14. Rfd1 Rc8 15. b3 Bf8 16. Rac1 Qc7 17. a3 Nc6 18. Nd5 Nxe4 19. Nxc7 Rxc7 20. Qc2 f5
21. h4 Be7 22. h5 Bf6 23. g4 Rd8 24. Bd3 Nc5 25. Bxc5 dxc5 26. gxf5 Nd4 27. Nxd4 Bd7 28. Ne6
1-0

[Event "Chess Great Tournament KO for ALL!"]
[Site "SchemingMind.com"]
[Date "2009.11.06"]
[Round "-"]
[White "agentofchaos"]
[Black "chesshub"]
[Result "0-1"]
[WhiteCountry "AUS"]
[BlackCountry "FRA"]
[WhiteElo "1438"]
[WhiteRD "76"]
[BlackElo "2444"]
[BlackRD "68"]
[GameID "225600"]

1. e4 c5 2. Nf3 d6 3. d4 cxd4 4. Nxd4 Nf6 5. Nc3 a6 6. Bc4 e6 7. Bg5 b5 8. Bb3 Bb7 9. a3 Nbd7 10. Qd3 Be7
11. O-O Nc5 12. Qe3 h6 13. Bh4 Nfxe4 14. Rfe1 Bxh4 15. g3 Nxc3 16. Qxc3 Bf6 17. Qe3 O-O 18. Rad1 Qd7 19. Ba2 Rac8 20. c3 e5
21. Nf3 e4 22. Nd2 Rce8 23. Bb1 Bg5 24. Qd4 Ne6 25. Nxe4 Nxd4 26. Rxd4 f5 27. Nxd6 Rxe1#
0-1

[Event "Chess Great Tournament KO for ALL!"]
[Site "SchemingMind.com"]
[Date "2009.11.09"]
[Round "-"]
[White "agoodhobby"]
[Black "sporttx"]
[Result "1-0"]
[WhiteCountry "USA"]
[BlackCountry "USA"]
[WhiteElo "1530"]
[WhiteRD "59"]
[BlackElo "1481"]
[BlackRD "89"]
[GameID "225777"]

1. e4 e5 2. Nf3 d6 3. d4 a6 4. dxe5 Bg4 5. Be2 dxe5 6. Qxd8+ Kxd8 7. Nxe5 Be6 8. O-O Bd6 9. Rd1 Ke8 10. Nf3 Nf6
11. e5 Ne4 12. exd6 cxd6 13. Bf4 Bg4 14. Bxd6 Nc6 15. c3 Rd8 16. Bf4 Ne7 17. Rxd8+ Kxd8 18. Nd4 Bf5 19. Bf3 Nc5 20. Nxf5 Nxf5
21. Nd2 Re8 22. Bg4 Nh4 23. Rd1 f5 24. Bh3 Ne6 25. Nf3+ Ke7 26. Re1 Kf7 27. Nxh4 Nxf4 28. Rxe8 Kxe8 29. Bxf5 g6 30. Bg4 Nd3
31. b4 b5 32. Bc8 Nc1 33. Bxa6 Nxa2 34. Bxb5+ Kf8 35. c4 Nxb4 36. f4 Nd3 37. g3 Kg7 38. Kf1 Nb4 39. Ke2 Nc2 40. Nf3 Kh6
41. Kd3 Na3 42. Ne5 Kg7 43. Kd4 Kf6 44. Bd7 Nc2+ 45. Ke4 Na3 46. c5 Kg7 47. c6 Nb5 48. Kd5 Nc7+ 49. Kd6 Nb5+ 50. Kc5 Nc7
51. Nc4 Kf7 52. Nb6 Kg7 53. Nd5 Na8 54. c7 Nxc7 55. Nxc7 h5 56. Kd5 Kf6 57. Ke4 Ke7 58. Bh3 Kf6 59. Nd5+ Kg7 60. Be6 Kf8
61. h3 Kg7 62. g4 Kh6 63. Nf6 h4 64. Nh5 gxh5 65. gxh5 Kxh5 66. f5 Kh6 67. f6 Kh7 68. f7 Kg7 69. Kf5 Kf8 70. Kg6 Ke7
71. Kg7 Kxe6 72. f8=Q Ke5 73. Kg6 Ke6 74. Qc5 Kd7 75. Kf6 Ke8 76. Qe7#
1-0

[Event "Chess Great Tournament KO for ALL!"]
[Site "SchemingMind.com"]
[Date "2009.11.08"]
[Round "-"]
[White "mmccaffe"]
[Black "jl1234"]
[Result "0-1"]
[WhiteCountry "USA"]
[BlackCountry "POL"]
[WhiteElo "1663"]
[WhiteRD "60"]
[BlackElo "1821"]
[BlackRD "74"]
[GameID "225778"]

1. e4 e5 2. Nf3 d6 3. Bc4 h6 4. O-O Nf6 5. d3 Bg4 6. h3 Bh5 7. Nc3 c6 8. Bd2 a6 9. g4 Bg6 10. Nh4 Bh7
11. Nf5 g6 12. Nxh6 Bxh6 13. Bxh6 Nfd7 14. Qf3 Bg8 15. g5 Rh7 16. h4 Nf6 17. Ne2 Rxh6 18. gxh6 Nh7 19. Ng3 Qxh4 20. Kg2 Ng5
21. Qf6 Qh3+ 22. Kg1 Qxh6 23. Kg2 Nd7
0-1

[Event "Chess Great Tournament KO for ALL!"]
[Site "SchemingMind.com"]
[Date "2009.11.09"]
[Round "-"]
[White "sporttx"]
[Black "agoodhobby"]
[Result "0-1"]
[WhiteCountry "USA"]
[BlackCountry "USA"]
[WhiteElo "1481"]
[WhiteRD "89"]
[BlackElo "1530"]
[BlackRD "59"]
[GameID "225785"]

1. e4 c5 2. d3 Nc6 3. Nc3 g6 4. Bg5 Bg7 5. Nd5 Nf6 6. Bf4 d6 7. h3 e6 8. Bg5 O-O 9. Nc3 Qc7 10. Bf4 a6
11. Qf3 Nd4 12. Qd1 b5 13. a3 Bb7 14. Nce2 Nxe2 15. Qxe2 Nh5 16. Qe3 Bxb2 17. g4 Nxf4 18. Qxf4 Bxa1 19. Qd2 Bg7 20. Nf3 a5
21. Qf4 b4 22. a4 Ba6 23. Ng5 c4 24. Qg3 cxd3 25. Qh4 h6 26. cxd3 Qc2 27. Nf3 Bc3+ 28. Nd2 Qxd2#
0-1

[Event "Chess Great Tournament KO for ALL!"]
[Site "SchemingMind.com"]
[Date "2009.11.08"]
[Round "-"]
[White "jl1234"]
[Black "mmccaffe"]
[Result "1-0"]
[WhiteCountry "POL"]
[BlackCountry "USA"]
[WhiteElo "1821"]
[WhiteRD "74"]
[BlackElo "1663"]
[BlackRD "60"]
[GameID "225786"]

1. d4 d5 2. Bf4 Bf5 3. Nc3 Nf6 4. Be5 e6 5. Nb5 Na6 6. e3 c6 7. Nc3 Bd6 8. Bxf6 Qxf6 9. a3 O-O 10. Be2 c5
11. dxc5 Nxc5 12. Nf3 Ne4 13. Nxe4 Bxe4 14. c3 Rac8 15. O-O Qh6 16. g3 Qh3 17. Bd3 f5 18. Bxe4 fxe4 19. Nd4 Rf6 20. f4 exf3
21. Rxf3 Rh6 22. Qe2 Rf8 23. Raf1 Rxf3 24. Rxf3 e5 25. Nf5 Rg6 26. Qb5 Rf6 27. Qxd5+ Kh8 28. Nxd6
1-0

[Event "Chess Great Tournament KO for ALL!"]
[Site "SchemingMind.com"]
[Date "2009.11.09"]
[Round "-"]
[White "Shell"]
[Black "kynoceros"]
[Result "1-0"]
[WhiteCountry "ENG"]
[BlackCountry "USA"]
[WhiteElo "1299"]
[WhiteRD "66"]
[BlackElo "1614"]
[BlackRD "88"]
[GameID "225872"]

1. d4 Nf6 2. c4 e6 3. Nc3 Bb4 4. e3 O-O 5. Bd3 d5 6. Nf3 c5 7. O-O dxc4 8. Bxc4 Nbd7 9. a3 Ba5 10. Qe2 b6
11. Ne5 Bxc3 12. bxc3 Nxe5 13. dxe5 Nd5 14. Bb2 Nc7 15. Rad1 Qg5 16. f4 Qe7 17. Rd6 Rb8 18. Bd3 b5 19. c4 Ba6 20. cxb5 Bxb5
21. Bc4 Bxc4 22. Qxc4 Rxb2 23. Qxc5 Rc8 24. Qxa7 Ra8 25. Qd4 Rbb8 26. Rd7 Qxa3 27. Rxc7 g6 28. e4 Qb3 29. Rc3 Qb2 30. Rc8+
1-0

[Event "Chess Great Tournament KO for ALL!"]
[Site "SchemingMind.com"]
[Date "2009.11.09"]
[Round "-"]
[White "kynoceros"]
[Black "Shell"]
[Result "1-0"]
[WhiteCountry "USA"]
[BlackCountry "ENG"]
[WhiteElo "1568"]
[WhiteRD "77"]
[BlackElo "1261"]
[BlackRD "69"]
[GameID "225876"]

1. e4 e5 2. Nf3 Nc6 3. Nc3 Nf6 4. Bb5 Nd4 5. Ba4 c6 6. Nxe5 d6 7. Nf3 Bg4 8. d3 Be7 9. h3 Bh5 10. g4 Nxg4
11. Nxd4 Nxf2 12. Qxh5 Nxh1 13. Qf3 Bh4+ 14. Ke2 Ng3+ 15. Kd1 O-O 16. Bf4 Qf6 17. Nce2 b5 18. Bb3 Rac8 19. Bxg3 c5 20. Bxh4 Qxh4
21. Nf5 Qf6 22. c3 Kh8 23. d4 c4 24. Bc2 a5 25. Kd2 b4 26. cxb4 axb4 27. a4 b3 28. Bb1 Qg5+ 29. Nf4 Rfd8 30. h4 Qf6
31. a5 c3+ 32. bxc3 b2 33. Ra2 Rb8 34. Kc2 g6 35. Nh6 Qxh4 36. Nxf7+ Kg8 37. Nxd8 Qh2+ 38. Ng2 Rb5 39. Qf7+ Kh8 40. Qf8#
1-0

[Event "Chess Great Tournament KO for ALL!"]
[Site "SchemingMind.com"]
[Date "2009.11.10"]
[Round "-"]
[White "lame wolf"]
[Black "maro"]
[Result "0-1"]
[WhiteCountry "INT"]
[BlackCountry "MEX"]
[WhiteElo "1097"]
[WhiteRD "53"]
[BlackElo "1327"]
[BlackRD "48"]
[GameID "226118"]

1. c4 b5 2. cxb5 e5 3. e4 Bc5 4. a4 Bxf2+ 5. Kxf2 Qf6+ 6. Qf3 Qxf3+ 7. Nxf3 d6 8. b3 a6 9. Bb2 Nf6 10. d4 Nxe4+
11. Ke3 Bf5 12. Nbd2 Nxd2 13. Kxd2 e4 14. Ng5 O-O 15. Ke3 d5 16. Rc1 h6 17. Nh3 Nd7 18. Rxc7 Nf6 19. bxa6 Ng4+ 20. Kf4 g5+
21. Kg3 f6 22. Bb5 Rf7 23. Rxf7 Kxf7 24. Rf1 Ne3 25. Re1 Nc2 26. Kf2 e3+ 27. Ke2 Rc8 28. Rc1 Bg4+ 29. Kd3 e2 30. a7 e1=Q
31. Rxe1 Nxe1+ 32. Kd2 Nxg2 33. Bc6 Bxh3 34. a8=Q Rxa8 35. Bxd5+ Kg7 36. Bxa8 Nf4 37. Ke3 Be6 38. Ke4 Bxb3 39. d5 Bxa4 40. d6 Bd7
0-1

[Event "Chess Great Tournament KO for ALL!"]
[Site "SchemingMind.com"]
[Date "2009.11.10"]
[Round "-"]
[White "Lesa"]
[Black "andu"]
[Result "0-1"]
[WhiteCountry "SRB"]
[BlackCountry "AUT"]
[WhiteElo "1686"]
[WhiteRD "131"]
[BlackElo "2124"]
[BlackRD "50"]
[GameID "226119"]

1. d4 Nf6 2. c4 c5 3. d5 e6 4. Nc3 exd5 5. cxd5 d6 6. Nf3 Be7 7. h3 O-O 8. e4 Qa5 9. Bd2 Nbd7 10. Be2 Qc7
11. O-O a6 12. a4 Re8 13. Re1 Nf8 14. a5 Ng6 15. Qc2 Bd8 16. Bd3 Bd7 17. Bc4 h6 18. Ra3 Rb8 19. Na4 Bb5 20. Bxb5 axb5
21. Nb6 Qe7 22. b4 Bxb6 23. axb6 Rbc8 24. bxc5 dxc5 25. Rae3 Nd7 26. Qd3 b4 27. e5 c4 28. d6 Qe6 29. Qe4 c3 30. Bc1 Rc4
31. Nd4 f5 32. Qd3 Nf4 33. Nxe6 Nxd3 34. Rxd3 Rxe6 35. Bf4 Rxf4
0-1

[Event "Chess Great Tournament KO for ALL!"]
[Site "SchemingMind.com"]
[Date "2009.11.10"]
[Round "-"]
[White "maro"]
[Black "lame wolf"]
[Result "0-1"]
[WhiteCountry "MEX"]
[BlackCountry "INT"]
[WhiteElo "1327"]
[WhiteRD "48"]
[BlackElo "1097"]
[BlackRD "53"]
[GameID "226131"]

1. c4 d5 2. d4 dxc4 3. Nc3 c6 4. e4 b5 5. d5 e6 6. Nf3 Bb4 7. a3 Bxc3+ 8. bxc3 cxd5 9. e5 Ne7 10. Nd4 O-O
11. Nxb5 Qb6 12. Nd6 Qb3 13. Bd2 Qxd1+ 14. Rxd1 Nd7 15. f4 Nf5 16. Nxf5 exf5 17. Be2 f6 18. e6 Nc5 19. e7 Re8 20. Be3 Ne4
21. Bf3 Nxc3 22. Rd4 Rxe7 23. Bxd5+ Nxd5 24. Kf2 c3 25. Rxd5 Rb8 26. Bxa7 Rxa7 27. Rd8+ Kf7 28. Rc1 Rd7 29. Rxd7+ Bxd7 30. Rxc3 Rb2+
31. Kg3 Ba4 32. Rc7+ Kg6 33. h4 h5 34. Ra7 Rb3+ 35. Kh2 Bc6 36. a4 Rb4 37. a5 Rxf4 38. Kh3 Ra4 39. a6 Kh6 40. g3 g5
41. Rc7 g4+ 42. Kh2 Rxa6 43. Rf7 Be4
0-1

[Event "Chess Great Tournament KO for ALL!"]
[Site "SchemingMind.com"]
[Date "2009.11.10"]
[Round "-"]
[White "andu"]
[Black "Lesa"]
[Result "1-0"]
[WhiteCountry "AUT"]
[BlackCountry "SRB"]
[WhiteElo "2124"]
[WhiteRD "50"]
[BlackElo "1686"]
[BlackRD "131"]
[GameID "226132"]

1. e4 c5 2. Nf3 Nc6 3. d4 cxd4 4. Nxd4 Nf6 5. Nc3 d6 6. Bb5 Bd7 7. O-O g6 8. Be3 Bg7 9. h3 a6 10. Nxc6 Bxc6
11. Bxc6+ bxc6 12. Qd3 O-O 13. Rab1 Rb8 14. Qxa6 Qc7 15. Qc4 Rfc8 16. Rfd1 d5 17. exd5 cxd5 18. Qxc7 Rxc7 19. Bf4 Rxc3 20. bxc3 Rc8
21. Rb8 Rxb8 22. Bxb8 e6 23. c4 h5 24. c5 Ne4 25. c6 Bf8 26. c4 Bd6 27. Bxd6
1-0

[Event "Chess Great Tournament KO for ALL!"]
[Site "SchemingMind.com"]
[Date "2009.11.11"]
[Round "-"]
[White "reo"]
[Black "Quirine"]
[Result "0-1"]
[WhiteCountry "THA"]
[BlackCountry "NED"]
[WhiteElo "1804"]
[WhiteRD "79"]
[BlackElo "1971"]
[BlackRD "91"]
[GameID "226236"]

1. e4 e6 2. d4 d5 3. e5 c5 4. Nf3 cxd4 5. Bd3 Nc6 6. O-O Bc5 7. Nbd2 a5 8. c4 dxc3 9. bxc3 Nge7 10. Qc2 Ng6
11. Re1 Qc7 12. Bxg6 hxg6 13. Nb3 Ba7 14. Bg5 Bd7 15. Rac1 a4 16. Nbd4 Nxd4 17. cxd4 Qxc2 18. Rxc2 Bc6 19. Rd1 Kd7 20. Rd3 Bb5
21. Ra3 Bb8 22. Nh4 Bc4 23. Rf3 Ke8 24. g3 b5 25. a3 Bc7 26. Ng2 Ba5 27. Rb2 Rb8 28. Bd2 Bxd2 29. Rxd2 b4 30. axb4 Rxb4
31. Ne3 Bb3 32. Nc2 Rc4 33. Na3 Rc1+ 34. Kg2 Ra1 35. Nb5 Ke7 36. Rb2 Rb8 37. Na7 Rc1
0-1

[Event "Chess Great Tournament KO for ALL!"]
[Site "SchemingMind.com"]
[Date "2009.11.11"]
[Round "-"]
[White "Quirine"]
[Black "reo"]
[Result "0-1"]
[WhiteCountry "NED"]
[BlackCountry "THA"]
[WhiteElo "1984"]
[WhiteRD "88"]
[BlackElo "1800"]
[BlackRD "79"]
[GameID "226240"]

1. d4 d5 2. Nf3 Nf6 3. c4 e6 4. Nc3 Be7 5. Bg5 h6 6. Bh4 O-O 7. e3 b6 8. cxd5 Nxd5 9. Bxe7 Nxe7 10. Bd3 Bb7
11. O-O Nd7 12. Rc1 Rc8 13. b4 Nf6 14. Qe2 c5 15. dxc5 bxc5 16. b5 Ned5 17. a4 Qa5 18. Nxd5 Nxd5 19. Ra1 Nc3 20. Qc2 Rfd8
21. Nd2 Qb4 22. Rfc1 Nd5 23. a5 Qg4 24. h3 Qg5 25. Nf3 Qh5 26. Be2 f5 27. Qc4 Rd6 28. Ra4 Nf6 29. Ne5 Qg5 30. g3 Ne4
31. h4 Qf6 32. Nd3 Bd5 33. Qc2 e5 34. Qb2 Bf7 35. Qxe5 Qxe5 36. Nxe5 Rd2 37. Kf1 Be8 38. Nc6 Bxc6 39. bxc6 Rxc6 40. Ke1 Rcd6
41. Rac4 Ra2 42. Rxc5 Nxc5 43. Bc4+ Kf8 44. Bxa2 Nd3+ 45. Kd2 Nxc1+ 46. Kxc1 Ra6 47. Kb2 Rxa5 48. Bc4 Ke7 49. f3 Re5 50. e4 fxe4
51. f4 Ra5 52. Kc3 Ra3+
0-1

[Event "Chess Great Tournament KO for ALL!"]
[Site "SchemingMind.com"]
[Date "2009.11.12"]
[Round "-"]
[White "Jochen"]
[Black "Hussar"]
[Result "1-0"]
[WhiteCountry "GBR"]
[BlackCountry "POL"]
[WhiteElo "1291"]
[WhiteRD "78"]
[BlackElo "1531"]
[BlackRD "75"]
[GameID "226362"]

1. Nf3 Nc6 2. e4 e5 3. Nc3 Bc5 4. d4 exd4 5. Na4 d6 6. Nxc5 Nf6 7. Nb3 O-O 8. Nbxd4 Nxe4 9. Nxc6 bxc6 10. Bd3 Nf6
11. O-O h6 12. Be3 Re8 13. Re1 c5 14. c4 Be6 15. Rb1 c6 16. a4 d5 17. Bxc5 dxc4 18. Bc2 Qxd1 19. Rbxd1 a6 20. Nd4 Rac8
21. Nxe6 Rxe6 22. Rxe6 fxe6 23. Rd4 Rb8 24. Ba3 Nd5 25. Rxc4 Nb6 26. Rxc6 Nd5 27. Rxe6 Rd8 28. Rxa6 Re8 29. Kf1 Rc8 30. Be4 Nf4
31. b4 Rd8 32. Ke1 Re8 33. f3 Nxg2+ 34. Ke2 Nf4+ 35. Ke3 Ng2+ 36. Kd3 Nf4+ 37. Kd4 Ne6+ 38. Kc4 Rc8+ 39. Kd3 Nf4+ 40. Kd2 Rd8+
41. Kc3 Ne2+ 42. Kc2 Nd4+ 43. Kc1 Rc8+ 44. Kd2 Nb3+ 45. Ke3 Rc3+ 46. Kf4 Nd4 47. Bb2 Ne2+ 48. Ke5 Rc8 49. b5 Re8+ 50. Re6 Rf8
51. b6 Ng3 52. hxg3
1-0

[Event "Chess Great Tournament KO for ALL!"]
[Site "SchemingMind.com"]
[Date "2009.11.12"]
[Round "-"]
[White "sajchurchey"]
[Black "Ivancic"]
[Result "0-1"]
[WhiteCountry "USA"]
[BlackCountry "AUS"]
[WhiteElo "1569"]
[WhiteRD "124"]
[BlackElo "1982"]
[BlackRD "87"]
[GameID "226363"]

1. e4 c5 2. Nf3 d6 3. d4 cxd4 4. Nxd4 Nf6 5. Nc3 g6 6. Be3 Bg7 7. f3 Nc6 8. Qd2 O-O 9. O-O-O d5 10. exd5 Nxd5
11. Nxc6 bxc6 12. Bd4 e5 13. Bc5 Be6 14. Ne4 Re8 15. h4 h6 16. g4 Qc7 17. g5 h5 18. Bc4 Red8 19. Qf2 Qb7 20. Rd2 a5
21. Rhd1 a4 22. Ba3 Bf5 23. Nd6 Rxd6 24. Bxd6 e4 25. Rd4 e3 26. Qe1 Qb6 27. c3 a3 28. b3 Ra4 29. Qe2 Nxc3
0-1

[Event "Chess Great Tournament KO for ALL!"]
[Site "SchemingMind.com"]
[Date "2009.11.12"]
[Round "-"]
[White "Midlander"]
[Black "MOIMOI"]
[Result "1-0"]
[WhiteCountry "ENG"]
[BlackCountry "POL"]
[WhiteElo "2207"]
[WhiteRD "73"]
[BlackElo "1575"]
[BlackRD "53"]
[GameID "226364"]

1. e4 d6 2. d4 e6 3. Nf3 b6 4. Bd3 Ne7 5. O-O h6 6. Nc3 Bb7 7. Be3 g6 8. Qd2 c5 9. Bb5+ Nbc6 10. d5 exd5
11. exd5 Bg7 12. dxc6 Bxc6 13. Bxc6+ Nxc6 14. Nb5 O-O 15. Bxh6 Ne7 16. Bxg7 Kxg7 17. Nxd6 Kg8 18. Rad1 Qc7 19. Qc3 Rad8 20. Ne4 Nd5
21. Rxd5 Rxd5 22. Nf6+
1-0

[Event "Chess Great Tournament KO for ALL!"]
[Site "SchemingMind.com"]
[Date "2009.11.13"]
[Round "-"]
[White "Hussar"]
[Black "Jochen"]
[Result "1-0"]
[WhiteCountry "POL"]
[BlackCountry "GBR"]
[WhiteElo "1531"]
[WhiteRD "75"]
[BlackElo "1291"]
[BlackRD "78"]
[GameID "226371"]

1. e4 Nf6 2. Nc3 Nxe4 3. Nxe4 d5 4. Nc3 Nc6 5. Nf3 Bg4 6. Be2 Bxf3 7. Bxf3 d4 8. Ne2 d3 9. cxd3 Qxd3 10. Bxc6+ bxc6
11. O-O e5 12. Re1 Bc5 13. Qa4 Qb5 14. Qe4 Bb4 15. a3 Ba5 16. b4 Bb6 17. Nc3 f5 18. Qxf5 Qc4 19. Qxe5+ Kf8 20. Qe7+ Kg8
21. Bb2 Rf8 22. Rf1 Qd4 23. Nd1 Qg4 24. Ne3 Qg6 25. Nc4 Re8 26. Qd7 Re4 27. Rfe1 Bxf2+ 28. Kxf2 Rf4+ 29. Kg1 Qh6 30. Re8+ Rf8
31. Rxf8+ Kxf8 32. Rf1+ Qf6 33. Rxf6+ gxf6 34. Bxf6 a5 35. Qe7+ Kg8 36. Qg7#
1-0

[Event "Chess Great Tournament KO for ALL!"]
[Site "SchemingMind.com"]
[Date "2009.11.12"]
[Round "-"]
[White "Ivancic"]
[Black "sajchurchey"]
[Result "1-0"]
[WhiteCountry "AUS"]
[BlackCountry "USA"]
[WhiteElo "1953"]
[WhiteRD "86"]
[BlackElo "1578"]
[BlackRD "123"]
[GameID "226372"]

1. e4 c5 2. Nf3 d6 3. d4 cxd4 4. Nxd4 Nf6 5. Nc3 a6 6. Be3 e6 7. f3 b5 8. Be2 Be7 9. Qd2 Bb7 10. O-O-O O-O
11. g4 d5 12. e5 Nfd7 13. f4 Nc6 14. h4 b4 15. Na4 Rc8 16. b3 Nxd4 17. Bxd4 a5 18. f5 Bxh4 19. f6 g5 20. Rxh4 gxh4
21. Qh6 Re8 22. Qg7#
1-0

[Event "Chess Great Tournament KO for ALL!"]
[Site "SchemingMind.com"]
[Date "2009.11.12"]
[Round "-"]
[White "MOIMOI"]
[Black "Midlander"]
[Result "0-1"]
[WhiteCountry "POL"]
[BlackCountry "ENG"]
[WhiteElo "1575"]
[WhiteRD "53"]
[BlackElo "2207"]
[BlackRD "73"]
[GameID "226373"]

1. Nf3 e6 2. g3 f5 3. d3 Nf6 4. Bg5 Be7 5. Ne5 d6 6. Nc4 O-O 7. Bg2 e5 8. Bxf6 Bxf6 9. Bd5+ Kh8 10. O-O e4
11. dxe4 c6 12. exf5 b5 13. Bxc6 Nxc6 14. Qd5 bxc4 15. Qxc6 Bxf5 16. c3 Rc8 17. Qd5 Rc5 18. Qd2 Qe7 19. Na3 Kg8 20. b4 cxb3
21. axb3 Bxc3 22. Qd1 Bxa1 23. Qxa1 Bh3 24. Re1 Qe4 25. f3 Qe3+ 26. Kh1 Qf2 27. Rg1 Qxe2 28. Qd1 Bg2+
0-1

[Event "Chess Great Tournament KO for ALL!"]
[Site "SchemingMind.com"]
[Date "2009.11.14"]
[Round "-"]
[White "BigDaddy"]
[Black "bsheeres"]
[Result "0-1"]
[WhiteCountry "AUT"]
[BlackCountry "USA"]
[WhiteElo "1331"]
[WhiteRD "51"]
[BlackElo "1838"]
[BlackRD "127"]
[GameID "226430"]

1. e4 c5 2. Nf3 d6 3. d4 cxd4 4. Nxd4 Nf6 5. Nc3 g6 6. Bb5+ Nbd7 7. Bxd7+ Bxd7 8. Bg5 Bg7 9. Nf3 Qb6 10. b3 Ng4
11. O-O Bxc3 12. Rb1 Bb5 13. a4 Bxf1 14. Qxf1 Rc8 15. Qb5+ Qxb5 16. axb5 Rc5 17. b4 Rxb5 18. h3 Ne5 19. Nxe5 Rxe5 20. Bf4 Rxe4
21. Rb3 Rxf4 22. Rxc3 Kd7 23. g3 Rxb4 24. Rb3 Rxb3 25. cxb3 Kc6 26. f4 Kd5 27. h4 Ke4
0-1

[Event "Chess Great Tournament KO for ALL!"]
[Site "SchemingMind.com"]
[Date "2009.11.13"]
[Round "-"]
[White "The Capitalist"]
[Black "APB"]
[Result "0-1"]
[WhiteCountry "USA"]
[BlackCountry "ENG"]
[WhiteElo "1656"]
[WhiteRD "98"]
[BlackElo "1535"]
[BlackRD "61"]
[GameID "226431"]

1. e4 e5 2. Nf3 Nc6 3. Bb5 a6 4. Ba4 Nf6 5. O-O Be7 6. Re1 b5 7. Bb3 d6 8. c3 O-O 9. h3 Na5 10. Bc2 c5
11. d4 Qc7 12. Nbd2 cxd4 13. cxd4 Rd8 14. b3 exd4 15. Bb2 Nh5 16. Bxd4 Nf4 17. e5 d5 18. Re3 Nc6 19. Rc3 b4 20. Re3 Nxd4
21. Nxd4 Bc5 22. N2f3 Bd7 23. Re2 Nxe2+ 24. Qxe2 Re8 25. g4 Bxd4 26. Nxd4 Rxe5 27. Qd2 Rae8 28. Qd3 Re1+ 29. Rxe1 Rxe1+ 30. Kg2 g6
31. Qxa6 Qc5 32. Nf3 Re6 33. Qd3 Bb5 34. Qd1 Re2 35. Nd4 Re8 36. Nxb5 Qxb5 37. Bd3 Qb7 38. Qf3 Rd8 39. Kg3 Qc7+ 40. Kh4 Qc3
41. Qe2 Rd6 42. Qe8+ Kg7 43. Bb5 Qf6+ 44. Kg3 d4 45. Bd3 Re6 46. Qa4 Qe5+ 47. Kg2 Qc5 48. Bc4 Rd6 49. Bd3 Qc3 50. Qb5 Qe1
51. Qc5 Rd8 52. a4 bxa3 53. Qxa3 Qc3 54. Be2 d3 55. Bd1 Re8 56. Qd6 Re2 57. Kf3 Re1
0-1

[Event "Chess Great Tournament KO for ALL!"]
[Site "SchemingMind.com"]
[Date "2009.11.14"]
[Round "-"]
[White "bsheeres"]
[Black "BigDaddy"]
[Result "1-0"]
[WhiteCountry "USA"]
[BlackCountry "AUT"]
[WhiteElo "1838"]
[WhiteRD "127"]
[BlackElo "1331"]
[BlackRD "51"]
[GameID "226435"]

1. e4 c5 2. Nf3 e6 3. b3 d5 4. exd5 exd5 5. Bb2 Be7 6. Bxg7 Bf6 7. Bxh8 Bxa1 8. Bxa1 Bg4 9. Be2 Bxf3 10. Bxf3 Nf6
11. O-O Qd6 12. Re1+ Kd8 13. Qe2 Nc6 14. Bxf6+ Qxf6 15. Qe8+ Kc7 16. Qxa8 Qd8 17. Qxd8+ Kxd8 18. Bxd5 Nd4 19. Na3 Nf5 20. Bxf7
1-0

[Event "Chess Great Tournament KO for ALL!"]
[Site "SchemingMind.com"]
[Date "2009.11.13"]
[Round "-"]
[White "APB"]
[Black "The Capitalist"]
[Result "1/2-1/2"]
[WhiteCountry "ENG"]
[BlackCountry "USA"]
[WhiteElo "1563"]
[WhiteRD "69"]
[BlackElo "1706"]
[BlackRD "109"]
[GameID "226436"]

1. e4 c6 2. d4 d5 3. exd5 cxd5 4. c4 Nf6 5. Nc3 e6 6. Nf3 Bb4 7. Bd3 dxc4 8. Bxc4 O-O 9. Qb3 Qa5 10. O-O Bd7
11. Be3 b5 12. Bd3 Bxc3 13. bxc3 Nd5 14. Be4 Bc6 15. Bd2 f5 16. c4 bxc4 17. Qxc4 Qb5 18. Bxd5 exd5 19. Qxb5 Bxb5 20. Rfe1 Nc6
21. a4 Bc4 22. Bc3 h6 23. Ne5 Nxe5 24. Rxe5 Rae8 25. h3 g5 26. Bb4 Rxe5 27. Bxf8 Re6 28. Bc5 a5 29. Rb1 Kg7 30. Bb6 Bd3
31. Rb2 Re1+ 32. Kh2 Re4 33. Rd2 Bc4 34. Bxa5 Bb3 35. f3=
1/2-1/2